|
|
|
|
| LEADER |
01469nam a22003494a 4500 |
| 001 |
37901 |
| 003 |
BD-DhAAL |
| 005 |
20231009105731.0 |
| 008 |
220308t2005 bg b 001 0 eng |
| 010 |
|
|
|a 2006345919
|
| 020 |
|
|
|a 98483600160
|
| 025 |
|
|
|a B-E-2006-345919; 22
|
| 037 |
|
|
|b Library of Congress -- New Delhi Overseas Office
|c Tk500.00 ($35.00 U.S.)
|
| 040 |
|
|
|a DLC
|c DLC
|d DLC
|d BD-DhAAL
|
| 042 |
|
|
|a lcode
|
| 043 |
|
|
|a a-bg---
|
| 050 |
0 |
0 |
|a JQ635
|b .Z35 2005
|
| 082 |
|
|
|a 351.5492
|2 22
|
| 100 |
1 |
|
|a Zafarullah, Habib Mohammad.
|9 46596
|
| 245 |
1 |
4 |
|a The bureaucratic ascendancy :
|b public administration in Bangladesh the first three decades /
|c Habib zafarullah and Mohammad mohabbat khan.
|
| 260 |
|
|
|a Dhaka :
|b A.H. Development Pub. House,
|c c2005.
|
| 300 |
|
|
|a x, 267 pages ;
|c 23 cm.
|
| 504 |
|
|
|a Includes bibliographical references and index.
|
| 541 |
|
|
|a Donated by Akbar Ali Khan
|e 37901
|
| 650 |
|
0 |
|a Public administration
|z Bangladesh
|x History.
|9 46597
|
| 650 |
|
0 |
|a Bureaucracy
|z Bangladesh
|x History.
|9 46598
|
| 700 |
1 |
|
|a Khan, Mohammad Mohabbat,
|d 1949-
|9 46599
|
| 852 |
|
|
|a Ayesha Abed Library
|c Akbar Ali Khan Collection
|
| 856 |
4 |
1 |
|3 Table of contents only
|u http://www.loc.gov/catdir/toc/fy0713/2006345919.html
|
| 942 |
|
|
|2 ddc
|c BK
|
| 999 |
|
|
|c 43700
|d 43700
|
| 952 |
|
|
|0 0
|1 0
|2 ddc
|4 0
|6 351_549200000000000_ZAF
|7 1
|9 70037
|a BRACUL
|b BRACUL
|c AAKC
|d 2022-03-08
|e Donated by Akbar Ali Khan
|l 0
|o 351.5492 ZAF
|p 3010037901
|r 2022-03-08
|t 1
|w 2022-03-08
|y BK
|